| 000 | 00925nam a22002177a 4500 | ||
|---|---|---|---|
| 999 |
_c15095 _d15095 |
||
| 003 | OSt | ||
| 082 | _2631.587 DIN/RA | ||
| 088 | _aP 202 | ||
| 100 |
_aDINESH PAPPAN D _93607 |
||
| 100 |
_aSANDRA S _93608 |
||
| 100 |
_aSUMA M _93609 |
||
| 100 |
_aVISHAL VIKRAMAN _93610 |
||
| 245 | _aRaising quality vegetable seedlings under controlled environment conditions | ||
| 260 |
_aTavanur 2009 _bKElappaji College of Agricultural Engineering and Technology |
||
| 300 | _a45 | ||
| 500 | _aRaising quality vegetable seedlings under controlled environment conditions | ||
| 520 | _ato evaluate the suitability of different protected structures for nursery raising of solanaceous vegetables under different treatments and to compare its performance with that of the open field conditions | ||
| 700 |
_aEr. Anu Varughese (Guide) _93436 |
||
| 856 | _uhttps://drive.google.com/open?id=1VLSQabqtbsIbPzFrMFpqdvpe0dgbP8eW | ||
| 942 | _cPR | ||